01219nam a2200253 i 4500001000700000003000900007005001700016007000300033008004100036245029700077250009600374260006100470300003800531650003000569700002200599700003000621700003500651700002900686700003200715700005300747852002300800999001900823952012300842148152ES-MaACL20251001180008.0t|070214s1931 sp r ||||1| spa d00aTratado de obstetricia / cescrito por los eminentes tocólogos G. Bessau ... [et al.] ; bajo la direccion del Dr. W. Stoeckel ; traducido directamente de la 3ª ed. alemana por M. Montaner de la Poza y M. Montaner Toutain ; con un prólogo del Excmo. Sr. Dr. D. Sebastián Recasens Girol. a2ª ed. aum. y mejorada con 19 figuras, la mayor parte en colores y muchas de ellas nuevas. aBarcelona : bModesto Usón, c1931 (fDalmau Olivares) a2 v., 2 lám. : bil. ; c25 cm. 7aObstetricia2embne9156761 aBessau, G.9285961 aStoeckel, Walter.91082611 aMontaner de la Poza, M.9823780 aFranque, Otto von9523401 aMontaner Toutain, M.9823821 aRecasens y Girol, Sebastián,d1863-1933995752 aES-MaACLjE-561-62 c148152d148152 00104070aATENEOMbATENEOMcDEPO2d2008-01-17eSCl0oE-561-62p1154611r2023-02-23 00:00:00w2023-02-23yMONOGRAFIA